Tous les clubs de Kevin-Prince Boateng - Statistiques

Statistiques générales
  • Ce quiz a été pris 19 fois
  • Le résultat moyen est 5 sur 14
Statistiques - réponses
Années Réponses % Correct
2010-2011 puis 2011-2013 et 2016 AC Milan
67%
2019 FC Barcelone
67%
2013-2015 Schalke 04
53%
2009 Borussia Dortmund
40%
2020 Beşiktaş JK
33%
2007-2009 Tottenham Hotspur
33%
2017-2018 Eintracht Francfort
27%
2005-2007 Hertha Berlin
27%
2016-2017 UD Las Palmas
27%
2019-2020 ACF Fiorentina
20%
2009-2010 Portsmouth FC
20%
2018-2019 US Sassuolo
20%
2020-2021 AC Monza
13%
2010-2011 Genoa CFC
13%
Aucun quiz correspondant
Distribution des résultats
% des personnes avec chaque résultat
Percentile par nombre de réponses
Votre historique - résultats
Vous n’avez pas pris ce quiz